[Event "Guelph op"]
[Site "Guelph"]
[Date "2005.07.28"]
[Round "1"]
[White "Ochkoos, Jura"]
[Black "Kulic, Sasa"]
[Result "1-0"]
[WhiteElo "2275"]
[BlackElo "2133"]
[PlyCount "87"]
[EventDate "2005.07.28"]
[EventType "swiss"]
[EventRounds "9"]
[EventCountry "CAN"]
[SourceTitle "CBM 107 Extra"]
[Source "ChessBase"]
[SourceDate "2005.09.01"]
[SourceVersion "1"]
[SourceVersionDate "2005.09.01"]
[SourceQuality "1"]

1. e4 c5 2. Nf3 Nc6 3. d4 cxd4 4. Nxd4 e6 5. Nc3 Nge7 6. Ndb5 Ng6 7. Nd6+ Bxd6 8. Qxd6 Qe7 9. Qxe7+ Ngxe7 10. Bf4 0-0 11. Bd6 a6 12. a4 f5 13. Bd3 fxe4 14. Bxe4 Rf7 15. 0-0 Nf5 16. Bxf5 Rxf5 17. Rfd1 Ra7 18. g4 Rg5 19. f3 b6 20. Kf2 Rg6 21. Rd2 Rf6 22. Kg3 Rf7 23. Re1 h6 24. f4 Kh7 25. h4 Na5 26. b3 Nc6 27. h5 g6 28. Rh2 b5 29. hxg6+ Kxg6 30. Reh1 Rh7 31. Rh5 b4 32. Ne4 Bb7 33. f5+ Kg7 34. Kf4 Ra8 35. Nc5 Bc8 36. R1h2 Rh8 37. Nd3 a5 38. Ne5 Rh7 39. g5 exf5 40. g6 Nxe5 41. gxh7 Ng4 42. Rxh6 Nxh6 43. Rxh6 Bb7 44. Rh2 1-0